Movies Quiz

Random Movies or City Quiz

Movies by locations Quiz Stats

 Plays Quiz not verified by Sporcle

Score 0/24 Timer 06:00
0 Plays Today
Cities Movie % Correct
Savannah, Greenbow, Bayou LaBatre, Washington DC, Memphis, Vietnam, China, New York CityForrest Gump
65.1%
Los Angeles, Las VegasThe Hangover
62.4%
Kraków, Płaszów, Svitavy, Oświęcim/AuschwitzSchindler's List
58.7%
New York City, Hollywood, Sicily, Hanover, Las VegasThe Godfather
56%
Bedford Falls, PottersvilleIt's A Wonderful Life
53.2%
Germania, Trujillo, Zucchabar, RomeGladiator
48.6%
Salzburg, SwitzerlandThe Sound of Music
47.7%
Port Royal, Tortuga, Isla de MuertaPirates of the Caribbean: The Curse of the Black Pearl
46.8%
Arkhangelsk, Monte Carlo, London, St. Petersburg, Guantánamo BayGolden Eye
34.9%
Aurora, MilwaukeeWayne's World
31.2%
Iowa, Boston, ChisholmField of Dreams
30.3%
Providence, Connecticut, Pennsylvania, Nebraska, AspenDumb and Dumber
29.4%
Cities Movie % Correct
Utah, Venice, Austria, Berlin, AlexandrettaIndiana Jones and the Last Crusade
27.5%
Philadelphia, Las Vegas, U.S.S.R.Rocky IV
25.7%
Hickory, IndianapolisHoosiers
23.9%
London, Paris, Amsterdam, Bratislava, Berlin, RomeEuroTrip
22%
Istanbul, AnkaraMidnight Express
16.5%
Chicago, London, Wiltshire County, Paris, Bavaria, RomeEuropean Vacation
13.8%
Elba, Marseilles, (Titular island), Paris, RomeThe Count of Monte Cristo
11.9%
Haddonfield, Smith's GroveHalloween
11.9%
Amsterdam, Slovakia, ViennaHostel
9.2%
Cambridge, China, London, ParisChariots of Fire
7.3%
Los Angeles, Macho Grande, Africa, ChicagoAirplane!
5.5%
Venice, Los Angeles, MalibuThe Big Lebowski
4.6%

You're not logged in!

Compare scores with friends on all Sporcle quizzes.
OR
Log In

Show Comments

Extras

Created Nov 2, 2010ReportNominate
Tags:City Quiz, location, visited

Top Quizzes Today


Score Distribution

Your Account Isn't Verified!

In order to create a playlist on Sporcle, you need to verify the email address you used during registration. Go to your Sporcle Settings to finish the process.

Report this User

Report this user for behavior that violates our Community Guidelines.

Details: